000 02061cam a22004934i 4500
003 PE-LiUPU
005 20250731173449.0
008 150623s1980 sp rb 000 0 spa d
020 _a8470572776
035 _a(Sirsi) i9788470572777
040 _aPE-LiUPU
_bspa
_cPE-LiUPU
_erda
049 _aPRUA
082 0 4 _a234.3
_bF34
_221
100 1 _aFeiner, Johannes,
_eautor.
245 1 3 _aEl acontecimiento Cristo /
_cJohannes Feiner.
250 _aSegunda edición.
264 1 _aMadrid, España :
_bEdiciones Cristiandad,
_c1980.
300 _a1105 páginas ;
_c25 centímetros.
336 _atext
_2rdacontent
337 _aunmediated
_2rdamedia
338 _avolume
_2rdacarrier
490 0 _aMysterium Salutis. Manual de Teología como Historia de la Salvación.
504 _aIncluye bibliografía.
526 _aSEG42
526 _aSEG41
526 _aSEG40
526 _aSEG39
526 _aP94
526 _aP87
526 _aP86
526 _aP85
526 _aP77
526 _aP76
526 _aP35
650 1 4 _aSoteriología.
_92196
942 _2ddc
_cBOOK
949 _a230.2 B17
_wDEWEY
_c1
_i39736
_lCCODEBUL1
_mBUL
_r0
_sY
_tBOOK
_u2015-6-16
_xTEOLOGIA
_zUNKNOWN
_0COMPRA
_o.CIRCNOTE. No olvidar cambiar la fecha de devolución!!!!!!!
_o.STAFF. Colección Teología
949 _aRC 234.3 F34 3
_wDEWEY
_c1
_i23068
_lCCODEBUL1
_mBUL
_r0
_sY
_tBOOK
_u2015-6-24
_xTEOLOGIA
_PP35
_0COMPRA
_o.CIRCNOTE. No olvidar cambiar la fecha de devolución!!!!!!!
_o.STAFF. Colección Teología
994 _aC0
_bPEPRU
596 _a1
999 _a230.2 B17
_wDEWEY
_c57386
_i39736
_f2021-11-9
_g5
_lCCODEBUL1
_mBUL
_p30.00
_q1
_r0
_sY
_tBOOK
_u2015-6-16
_xTEOLOGIA
_PP35
_0COMPRA
_o.CIRCNOTE. No olvidar cambiar la fecha de devolución!!!!!!!
_o.STAFF. Colección Teología
_d57386
999 _aRC 234.3 F34 3
_wDEWEY
_c1
_i23068
_f2021-11-8
_g6
_lCCODEBUL1
_mBUL
_r1
_sY
_tBOOK
_u2015-6-24
_xTEOLOGIA
_PP35
_0COMPRA
_o.CIRCNOTE. No olvidar cambiar la fecha de devolución!!!!!!!
_o.STAFF. Colección General
980 _81
_gALBERTO SANCHEZ Responsable de Automatización